Score 0/20 Timer 04:00
1 Play Today
Hint Answer % Correct
Matthew BroderickFerris
95.4%
Luke WilsonBlonde
94.6%
Matthew BroderickGadget
89.6%
John CusackBeing
86%
Luke WilsonGlory
85.8%
Mark WahlbergNights
84.2%
John CusackThin
81.8%
Mark WahlbergItalian
77.1%
Luke WilsonRoyal
74%
Luke WilsonYuma
73%
Hint Answer % Correct
Mark WahlbergHeart
66.1%
Mark WahlbergLovely
63.3%
Luke WilsonOld
62.2%
Matthew BroderickTale
54%
Matthew BroderickGames
52.7%
Matthew BroderickLion
48.9%
John CusackBroadway
48.6%
John CusackRunaway
47.8%
John CusackFidelity
46.2%
Mark WahlbergGuys
44.2%

Today's Daily Dose

Missing Word
Lizzo Songs

Get the Picture
The Longest Rivers

Remove Ads.
Support Sporcle.
Get the best of Sporcle when you Go Orange. This ad-free experience offers more features, more stats, and more fun while also helping to support Sporcle. Thank you for becoming a member.

You're not logged in!

Compare scores with friends on all Sporcle quizzes.
OR
Log In

Show Comments

Extras

Top Quizzes Today


Score Distribution

Your Account Isn't Verified!

In order to create a playlist on Sporcle, you need to verify the email address you used during registration. Go to your Sporcle Settings to finish the process.

Report this User

Report this user for behavior that violates our Community Guidelines.

Details: